banner-ar

المشرق العربى والغرب : بحث فى دور المؤثرات الخارجية فى تطور النظام الاقتصادى العربى والعلاقات الاقتصادية العربية / (Record no. 35204)

MARC details
000 -الفاتح
حقل البيانات ثابتة الطول 00889nam a2200217Ia 4500
005 - وقت وتاريخ اخر تعامل مع التسجيلة
رقم الضبط 20240530102908.0
008 - عناصر البيانات ثابتة الطول - معلومات عامة
حقل البيانات ثابتة الطول 140319s9999 xx 000 0 ara d
040 ## - مصدر الفهرسة
وكالة الفهرسة الأصلية GCL /
وكالة النسخ GCL
082 04 - رقم تصنيف ديوى العشرى
رقم التصنيف 338.903
رقم المادة ج م
100 1# - المدخل الرئيسى - إسم شخصى
الإسم الشخصى جلال احمد امين
245 10 - بيان العنوان
العنوان المشرق العربى والغرب : بحث فى دور المؤثرات الخارجية فى تطور النظام الاقتصادى العربى والعلاقات الاقتصادية العربية /
بيان المسئوليه,etc جلال احمد امين
260 ## - PUBLICATION, DISTRIBUTION, ETC. (IMPRINT)
تاريخ النشر أو التوزيع 1983
300 ## - الوصف المادى
التعداد 172 ص
650 04 - المدخل الاضافى بالموضوع-مصطلح موضوعى
مصطلح موضوعي العالم العربى
650 04 - المدخل الاضافى بالموضوع-مصطلح موضوعى
مصطلح موضوعي الاحوال الاقتصادية
650 04 - المدخل الاضافى بالموضوع-مصطلح موضوعى
مصطلح موضوعي العلاقات الخارجية
650 04 - المدخل الاضافى بالموضوع-مصطلح موضوعى
مصطلح موضوعي النظام العالمى الحديث
700 1# - المدخل الاضافى - اسم شخصى
الإسم الشخصى جلال احمد امين
942 ## - عناصر المدخل الإضافي( كوها)
مصدر التصنيف او مخطط الترفيف Dewey Decimal Classification
Koha [default] item type كتاب
260 ## - PUBLICATION, DISTRIBUTION, ETC. (IMPRINT)
-- [S.N] :
-- مركز دراسات الوحدة العربية ،
Holdings
حالة التراجع حالة الفقد حالة تلف ليس للاعارة المكان المؤقت الموقع الحالى تاريخ الاكتساب اجمالي اﻻعارات رقم الطلب الباركود تاريخ اخر مشاهدة تاريخ تفعيل السعر نوع وعاء كوها
        مكتبة القاهرة الكبرى مكتبة القاهرة الكبرى 03/26/2014   338.903\ج م 85635 03/26/2014 03/26/2014 كتاب
        مكتبة القاهرة الكبرى مكتبة القاهرة الكبرى 03/26/2014   338.903\ج م 85636 03/26/2014 03/26/2014 كتاب

Powered By

EGPV